Reserva de Biosfera. Parque Atlántico Mar Chiquito (Registro nro. 22813)

Detalles MARC
000 -LEADER
fixed length control field 00443 a2200145 4500
001 - CONTROL NUMBER
control field ART_6695
005 - DATE AND TIME OF LATEST TRANSACTION
control field 20260410161826.0
008 - FIXED-LENGTH DATA ELEMENTS--GENERAL INFORMATION
fixed length control field 260409a
100 1# - MAIN ENTRY--PERSONAL NAME
Personal name Bertoni, Marcela
245 10 - TITLE STATEMENT
Title Reserva de Biosfera. Parque Atlántico Mar Chiquito
700 1# - ADDED ENTRY--PERSONAL NAME
Personal name Volpato, Guillermo Gustavo
700 1# - ADDED ENTRY--PERSONAL NAME
Personal name López, María José
700 1# - ADDED ENTRY--PERSONAL NAME
Personal name González, María G.
773 0# - HOST ITEM ENTRY
Title FACES
Related parts - Año 13, Nº 28 (ene./jun. 2007)
Record control number REV5046

No hay ítems disponibles.